Tome Naruto par image - Statistiques

Statistiques générales
  • Ce quiz a été pris 470 fois
  • Le résultat moyen est 13 sur 20
Statistiques - réponses
Par images Réponse % Correct
5
91%
1
89%
3
87%
9
87%
18
86%
72
85%
12
83%
4
83%
6
83%
11
81%
71
81%
26
80%
2
79%
36
79%
16
77%
33
77%
7
77%
10
74%
14
74%
25
74%
15
72%
64
72%
69
72%
8
72%
23
71%
70
71%
24
70%
37
70%
55
70%
67
70%
42
69%
20
68%
22
68%
27
68%
13
67%
39
65%
21
64%
40
64%
43
63%
53
63%
59
63%
61
63%
31
62%
32
62%
68
62%
28
61%
30
61%
35
61%
44
61%
48
61%
62
61%
29
60%
17
59%
19
59%
63
59%
51
58%
54
58%
56
57%
60
57%
58
54%
45
52%
47
51%
34
50%
41
50%
49
50%
66
50%
38
48%
65
48%
50
46%
57
46%
52
45%
46
21%
Aucun quiz correspondant
Distribution des résultats
% des personnes avec chaque résultat
Percentile par nombre de réponses
Votre historique - résultats
Vous n’avez pas pris ce quiz